Quiz sur la Corse du Sud - Statistiques

Statistiques générales
  • Ce quiz a été pris 608 fois
  • Le résultat moyen est 13 sur 20
Statistiques - réponses
Question Réponse % Correct
Gentilé Corses
99%
Région Corse
98%
Numéro de département 2A
96%
Préfecture Ajaccio
96%
Empereur français né dans la préfecture. Napoléon Ier
92%
Ile italienne située à 11km au sud. Sardaigne
89%
Département limitrophe Haute-Corse
84%
Deuxième ville du département Porto-Vecchio
80%
Mer bordant l'ouest du département. Mer Méditerranée
79%
Commune la plus au sud de France métropolitaine. Bonifacio
76%
Sentier de randonnée mythique qui traverse le département. Le GR20
76%
Village qui accueille des calanques inscrites au patrimoine mondial de l'UNESCO. Piana
59%
Monuments naturels qui ont fait la renommée de Bavella. Les aiguilles
52%
Sous-préfecture Sartène
51%
Archipel de 23 îles, îlots et récifs situé à la pointe sud de l'île. Iles Lavezzi
49%
Fromage de brebis AOC produit en Corse-du-Sud et son département voisin. Le Brocciu
48%
Nombre d'habitants (arrondi à la dizaine de milliers d'habitants) 160 000 (157 249)
33%
Celui du Roi d'Aragon est taillé dans la falaise. L'escalier
31%
Mer bordant l'est du département (mer appartenant à la mer précédente). Mer Tyrrhénienne
28%
Cette commune de Corse-du-Sud à la même nom qu'un pays caribéen. Sainte-Lucie
22%
Aucun quiz correspondant
Distribution des résultats
% des personnes avec chaque résultat
Percentile par nombre de réponses
Votre historique - résultats
Vous n’avez pas pris ce quiz